[Event "Manizales op 30th"]
[Site "Manizales"]
[Date "2025.01.09"]
[Round "3"]
[White "Rendon Galvis, Estefania"]
[Black "Avila Palacio, Edgar"]
[Result "0-1"]
[WhiteElo "1409"]
[BlackElo "1561"]
[PlyCount "29"]
[EventDate "2025.01.08"]
[EventType "tourn"]
[EventRounds "7"]
[EventCountry "COL"]
[SourceTitle "CB03_2025"]
[SourceDate "2025.01.15"]
[SourceVersion "1"]
[SourceVersionDate "2025.01.15"]
[SourceQuality "1"]

1. e4 c5 2. Nf3 a6 3. d4 cxd4 4. Nxd4 e5 5. Nf3 Nc6 6. Bc4 h6 7. a3 Nf6 8. Nc3 Bc5 9. 0-0 0-0 10. Qe2 b5 11. Bb3 b4 12. Nd5 bxa3 13. bxa3 Rb8 14. Bc4 a5 15. Re1 0-1